| 000 | 01392nam a2200277 i 4500 | ||
|---|---|---|---|
| 003 | CSPC | ||
| 005 | 20250602111415.0 | ||
| 008 | 230105s2020 onca b 001 0 eng d | ||
| 020 | _a9781774071809 | ||
| 040 |
_cCSPC _aCSPC _beng _erda |
||
| 050 | 0 | 4 | _aHD38.5 |
| 082 | 0 | 4 |
_a658.7 _bR129i |
| 100 | 1 |
_aRahmaoui, Naima, _eauthor. |
|
| 245 | 1 | 0 |
_aIT use in supply chain and business processes / _cNaima Rahmaoui. |
| 264 | 1 |
_aOakville, Ontario : _bSociety Publishing, _c2020. |
|
| 300 |
_axx, 245 pages : _bcolor illustrations ; _c24 cm. |
||
| 336 |
_2rdacontent _atext |
||
| 337 |
_2rdamedia _aunmediated |
||
| 338 |
_2rdacarrier _avolume |
||
| 504 | _aIncludes bibliographical references and index. | ||
| 505 | 0 | _aSupply chain and business process: a global perspective -- Technology integration and its need in business processes and supply chain management -- Emerging business technologies and their understanding -- Management of supply chain information -- E-supply chain management and business trends -- Process execution and business value -- Business process management and networking -- Future of supply chain management. | |
| 650 | 0 | _aBusiness logistics. | |
| 650 | 0 | _aInformation technology. | |
| 942 |
_cBK _2ddc _h658.7 _iR129i _kCIR _m2020 _n0 |
||
| 999 |
_c12891 _d12891 |
||